| 000 | 00591nam a22002417a 4500 | ||
|---|---|---|---|
| 005 | 20231212151052.0 | ||
| 008 | 160328b2008 xxu||||| |||| 00| 0 spa d | ||
| 020 | _a9789682460906 | ||
| 041 | _aESP | ||
| 082 | _a646.724 L644m | ||
| 100 |
_aLesur, Luis _93003 |
||
| 245 | _aManual de corte de pelo para mujer: una guía paso a paso | ||
| 260 | _aMéxico | ||
| 260 | _bTrillas | ||
| 260 | _c2008 | ||
| 300 | _a80 páginas | ||
| 650 | _aCUIDADO DEL CABELLO | ||
| 650 | _aCORTES | ||
| 650 | _aBELLEZA PERSONAL | ||
| 650 | _aHERRAMIENTAS | ||
| 650 | _aTÉCNICAS | ||
| 942 |
_cBK _2ddc |
||
| 999 |
_c7872 _d7872 |
||